Percy Jackson: Known Half-Bloods Quiz Stats

 Plays Quiz Updated Oct 27, 2014

Challenge
Share
Tweet
Embed
Score 0/66 Timer 09:00
8 Plays Today
Parent Names % Correct
PoseidonPercy Jackson
93.4%
AthenaAnnabeth Chase
88.8%
AphroditePiper McLean
82.6%
JupiterJason Grace
80.6%
HadesNico di Angelo
80.5%
HermesLuke Castellan
79.9%
UnknownJason
78.8%
HephaestusLeo Valdez
77.6%
MarsFrank Zhang
73.5%
HadesBianca di Angelo
73.1%
ZeusThalia Grace
72.9%
PlutoHazel Levesque
72.7%
AresClarisse la Rue
72.1%
ApolloWill Solace
63.7%
BellonaReyna
62.5%
HermesTravis Stoll
60.6%
AphroditeDrew Tanaka
60.3%
HermesConnor Stoll
60.3%
AphroditeSilena Beauregard
60.3%
HephaestusCharles Beckendorf
59.4%
NemesisEthan Nakamura
55.1%
DemeterKatie Gardner
51.5%
ApolloMichael Yew
50%
DionysusPollux
49.6%
JanusMichael Varus
47.6%
DionysusCastor
47.1%
Apollo**Octavian
39.7%
IrisButch
37.7%
BellonaHylla
37.1%
AthenaMalcolm
35%
ApolloLee Fletcher
34.8%
HermesChris Rodriguez
34.8%
AphroditeLacy
34%
Parent Names % Correct
HephaestusJake Mason
33.6%
BacchusDakota
30.4%
HephaestusNyssa
28.2%
AphroditeMitchell
27%
HypnosClovis
26.7%
DemeterMiranda Gardiner
24.6%
HecateLou Ellen
20.7%
HephaestusHarley
20.3%
AresMark
18%
ApolloKayla
17.3%
UnknownGwen
16.6%
ApolloAustin
16.1%
AresSherman
15.5%
Neptune**Emily Zhang
12.7%
HermesCecil
12.4%
HecateAlabaster Torrington
11.6%
Neptune**Grandmother Zhang
11.4%
Aesculapius**Vitellius
9.9%
HephaestusChristopher
9.7%
UnknownBobby
9.3%
CeresLeila
9.1%
HephaestusShane
8.7%
ApolloHalcyon Green
8.5%
UnknownLaurel
7.8%
Unknown**Julia
7.8%
UnknownLarry
7.5%
HermesGus
7.4%
Orcus**Bryce Lawrence
7.2%
UnknownJacob
6.8%
VenusMichael Kahale
6.7%
Neptune**Shen Lun
6.5%
UnknownLeroy
6.2%
UnknownHank
6.2%

You're not logged in!

Compare scores with friends on all Sporcle quizzes.
OR
Log In

You Might Also Like...

Show Comments

Extras

Top Quizzes Today


Score Distribution

Your Account Isn't Verified!

In order to create a playlist on Sporcle, you need to verify the email address you used during registration. Go to your Sporcle Settings to finish the process.

Report this User

Report this user for behavior that violates our Community Guidelines.

Details: